<La> releve des générations.

Vysvetlenie pojmu nahradenie generácií. Priemerný počet ženskej generácie v plodnom veku. Vývoj stupňa nahradenia obyvateľstva od r. 1950. Pomer čistého nahradenia obyvateľstva a konjunkturálny ukazovateľ. Vývoj priemerného počtu ženskej generácie v plodnom veku. Nahradenie obyvateľstva v dlhodobej...

Description complète

Enregistré dans:
Détails bibliographiques
Auteur principal: Calot, G.
Format: Chapitre de livre
Langue:français
Sujets:
Tags: Ajouter un tag
Pas de tags, Soyez le premier à ajouter un tag!

MARC

LEADER 00000naa a2200000 4500
001 r009366
005 20220913125217.2
041 0 |a fre 
044 |a FR 
245 1 0 |a <La> releve des générations.  |c G. Calot 
520 |a Vysvetlenie pojmu nahradenie generácií. Priemerný počet ženskej generácie v plodnom veku. Vývoj stupňa nahradenia obyvateľstva od r. 1950. Pomer čistého nahradenia obyvateľstva a konjunkturálny ukazovateľ. Vývoj priemerného počtu ženskej generácie v plodnom veku. Nahradenie obyvateľstva v dlhodobej perspektíve. (Population et sociétés 1992, č.265). 
610 2 0 |a demografia 
610 2 0 |a pojmy 
610 2 0 |a obyvateľstvo 
610 2 0 |a ženy 
610 2 0 |a vek 
610 2 0 |a 1950-1992 
610 2 0 |a reprodukcia obyvateľstva 
610 2 0 |a Francúzsko 
100 1 |a Calot, G.